Angielski nie gryzie! /

Enregistré dans:
Détails bibliographiques
Auteur principal: Nowak, Agata (filolożka) (Autor)
Collectivité auteur: Edgard, Mariusz Jachimczuk (Wydawca)
Format: Livre
Langue:anglais
polonais
Publié: Warszawa : Wydawnictwo Edgard, 2017.
Édition:Wydanie 3. poprawione.
Sujets:
Tags: Ajouter un tag
Pas de tags, Soyez le premier à ajouter un tag!

MARC

LEADER 00000nam a2200000 i 4500
001 991010002259705066
005 20260515100513.0
006 innnn j
008 170601s2017 pl a f |000 0 eng
009 b0000005586367
015 |a UWD 2017/19671 
015 |a BDD 2017 
020 |a 9788377889350  |c zł 35,90 
035 |a 991010002259705066 
035 |a (PL-WaBN)b5586367x-48omnis_nlop 
035 |a b5586367x 
035 |a (OCoLC)995418376 
035 |a (PL)b0000005586367 
035 |a (EXLNZ-48OMNIS_NETWORK)9910422963805606 
040 |a WA N  |c WA N  |d WA N 
041 0 |a eng  |a pol 
046 |k 2017 
080 |a (07) 
080 |a 811.111 
084 |a 18 
100 1 |a Nowak, Agata  |c (filolożka)  |e Autor 
245 1 0 |a Angielski nie gryzie! /  |c [autorka Agata Nowak]. 
250 |a Wydanie 3. poprawione. 
260 |a Warszawa :  |b Wydawnictwo Edgard,  |c 2017. 
300 |a 184 strony :  |b ilustracje ;  |c 24 cm +  |e 1 płyta audio (CD). 
336 |3 Płyta audio (CD)  |a Słowo mówione  |b spw  |2 rdacontent 
336 |a Tekst  |b txt  |2 rdacontent 
337 |3 Płyta audio (CD)  |a Audio  |b s  |2 rdamedia 
337 |3 Płyta audio (CD)  |a Komputer  |b c  |2 rdamedia 
337 |a Bez urządzenia pośredniczącego  |b n  |2 rdamedia 
338 |3 Płyta audio (CD)  |a Płyta audio  |b sd  |2 rdacarrier 
338 |a Wolumin  |b nc  |2 rdacarrier 
380 |a Audiobooki 
380 |a Książki 
380 |a Publikacje dydaktyczne 
385 |m Poziom nauczania  |a A1 (poziom biegłości językowej) 
385 |m Poziom nauczania  |a A2 (poziom biegłości językowej) 
388 1 |a 2001- 
500 |a Na grzbiecie podtytuł: dla początkujących. 
521 8 |a Poziom A1-A2. 
650 7 |a Język angielski (przedmiot szkolny)  |2 DBN 
655 7 |a Podręcznik  |2 DBN 
658 |a Edukacja i pedagogika 
658 |a Językoznawstwo 
710 2 |a Edgard, Mariusz Jachimczuk  |e Wydawca  |4 pbl 
942 |2 ddc  |c BK  |n 0 
952 |0 0  |1 0  |2 ddc  |4 0  |6 W__10_000000000000000  |7 0  |9 14  |a WRO  |b WRO  |d 2026-04-10  |e da  |g 10.00  |i WRO-010  |l 0  |o W.10  |p 2000100000106  |r 2026-04-10 23:34:10  |v 10.00  |w 2026-04-10  |y BK 
999 |c 14  |d 14